=LDR 00000nam 2200000 4500 =001 INLIS000000000025111 =005 20130612123638 =008 ***********************************Ind** =035 ##$$0010-061300000025111 =041 ##$$a Ind =082 ##$$a 621.2 =090 ##$$a 621.2, Chu p =100 ##$$a Church, Austin H =245 ##$$a Pompa dan blower sentrafugal, Austin H. Church =260 ##$$a 1944 $b Jakarta =300 ##$$a 306 hlm., ilus, 21 cm =650 ##$$a Pompa =850 ##$$a NBPNMAT